Slipknot - All Songs on Slipknot Lightning Round - Statistics

General Stats
  • This quiz has been taken 11 times
  • The average score is 8 of 14
Answer Stats
Songs % Correct
Eyeless
88%
(Sic)
75%
Wait and Bleed
75%
Scissors
63%
Spit it Out
63%
Diluted
50%
Eeyore
50%
Liberate
50%
Prosthetics
50%
Surfacing
50%
Tattered and Torn
50%
No Life
38%
Only One
38%
Me Inside
25%
No matching quizzes found
Score Distribution
Percent of People with Each Score
Percentile by Number Answered
Your Score History
You have not taken this quiz